02196cam a2200409 i 4500003000900000005001700009007000300026008004100029020001800070040003100088082002600119100004100145245033300186264005200519300003600571336002700607337003300634338002800667490002500695500006300720500004500783500003600828504003000864520034800894590002701242650002801269650003101297700003501328700005301363700009401416700004601510700004701556910001401603942001401617952013801631999001701769DO-SdBNP20240624125718.0ta240624s2015 mx c 000 f spa d a9786071633217 aDO-SdBNPcspadBNPHU erda a327.7307291bL5782221 aLeoGrande, William M.eautor 98576410aDiplomacia encubierta con Cuba :bhistoria de las negociaciones secretas entre washington y La Habana /cWilliam M. LeoGrande, Peter Kornbluh ; traducción Sandra Sepúlveda Amor ; traducción de abreviaturas, notas, bibliografía e índice Johanna Malcher ; revisión Fausto José Trejo ; prólogo Jorge I. Domínguez  1aMexico :bFondo de Cultura Económica, c2015. a628 páginasbretratosc23 cm. 2rdacontentatextobtxt 2rdamediaasin mediaciónbn 2rdacarrieravolumenbnc1 aPolítica y derecho aIncluye datos biografícos de los autores en las solapas. aIncluye índice analítico, p: 605-628 aPrimera edición en español. aBibliografía p: 585-603 aEste libro investiga la historia de los diálogos secretos, a menudo sorprendentes, entre Washington y La Habana. Los autores, que pasaron más de una década examinando archivos clasificados, ofrecen una relación completa del as negociaciones a partir de 1959, lo que sugiere que el pasado tiene lecciones para los futuros negociadores.  aInventariado, 2024/ YL 4aNovela española91123 4aLiteratura española96321 aKornbluh, Peter eautor9857651 aSepúlveda Amor, Sandra etraducción 9857661 aMalcher, Johannaetraducción de abreviaturas, notas, bibliografía e índice 9857671 aTrejo, Fausto José erevisión 9857681 aDomínguez, Jorge I. eprólogo 985769 aYLockward 2ddccLBS1 00102ddc56708GRaBNPHUbBNPHUcCTd2023-08-04eDonación l0oBNPHU GR 327.7307291 L578p2024-3671r2024-06-24w2024-06-24yLBS1 c56941d56941